| 000 | 00964cam a22003137a 4500 | ||
|---|---|---|---|
| 003 | CHAP | ||
| 005 | 20220817042136.0 | ||
| 008 | 971013s1976 r 00010 d | ||
| 010 | _a35906 | ||
| 011 | _a36878 | ||
| 035 | _a40997 | ||
| 040 | _cCHAP | ||
| 090 | _aFolleto 6215 | ||
| 110 | _aFAO | ||
| 245 | 1 | 0 | _aCotton specialists and research institutions in selected countries |
| 260 |
_aRome : _b(FAO), _c1976 |
||
| 300 | _a39 p. | ||
| 490 | 0 |
_aFAO. Producción y protección vegetal _v; 2 |
|
| 590 |
_aBATCH-UPD _b10 _c20130110 _lUCH01 _h2044 |
||
| 590 |
_aBATCH-UPD _b10 _c20130410 _lUCH01 _h1358 |
||
| 590 |
_aBATCH-UPD _b10 _c20130914 _lUCH01 _h1428 |
||
| 590 |
_aCONVERSION _b10 _c20130109 _lUCH01 _h1320 |
||
| 650 | 1 | 4 |
_aAlgodon _xDirectorios. _93995 |
| 650 | 1 | 4 |
_aAlgodon _xSociedades. _94059 |
| 830 | 0 |
_aFAO. Producción y protección vegetal _v; 2 _939654 |
|
| 901 | _aBK | ||
| 942 | _cFOLL | ||
| 949 |
_aFolleto 6215 _bBC _cFAO _d-93862 _eFAO1 _i40997 _mD _si |
||
| 999 |
_c35906 _d35906 |
||